[Event "Titled Tuesday intern op 11th Mar Late"]
[Site "Chess.com INT"]
[Date "2025.03.11"]
[Round "1"]
[White "Beulen, Marcel"]
[Black "Badmatsyrenov, Oleg"]
[Result "0-1"]
[WhiteElo "2359"]
[BlackElo "2366"]
[PlyCount "46"]
[EventDate "2025.03.11"]
[EventType "swiss (blitz)"]
[EventRounds "11"]
[EventCountry "USA"]
[SourceTitle "CB12_2025"]
[SourceDate "2025.03.19"]
[SourceVersion "1"]
[SourceVersionDate "2025.03.19"]
[SourceQuality "1"]

1. e4 c5 2. Nf3 e6 3. c3 d5 4. exd5 exd5 5. d4 c4 6. b3 cxb3 7. axb3 Bd6 8. Be2 Nc6 9. 0-0 Nge7 10. Ba3 0-0 11. Bxd6 Qxd6 12. Nbd2 Bf5 13. Re1 Rac8 14. Nf1 h6 15. Ne3 Be6 16. c4 Rfd8 17. c5 Qf4 18. Qd2 a6 19. b4 Ng6 20. g3 Qf6 21. b5 axb5 22. Bxb5 Nge7 23. Bf1 Qxf3 0-1

[Event "Titled Tuesday intern op 11th Mar Late"]
[Site "Chess.com INT"]
[Date "2025.03.11"]
[Round "8"]
[White "Narayanan, Sunilduth Lyna"]
[Black "Badmatsyrenov, Oleg"]
[Result "1-0"]
[WhiteElo "2622"]
[BlackElo "2366"]
[PlyCount "77"]
[EventDate "2025.03.11"]
[EventType "swiss (blitz)"]
[EventRounds "11"]
[EventCountry "USA"]
[SourceTitle "CB12_2025"]
[SourceDate "2025.03.19"]
[SourceVersion "1"]
[SourceVersionDate "2025.03.19"]
[SourceQuality "1"]

1. g3 d5 2. Bg2 c6 3. c4 h5 4. Nf3 Nf6 5. Qb3 Qb6 6. d3 Nbd7 7. Be3 Qc7 8. cxd5 Nxd5 9. Bd2 Nc5 10. Qc2 e5 11. Nc3 Nb4 12. Qb1 Be7 13. a3 Nd5 14. b4 Ne6 15. Qb3 Nxc3 16. Bxc3 Bf6 17. e3 Ng5 18. Nxg5 Bxg5 19. Qb2 Bf6 20. f4 Bf5 21. e4 Bg4 22. fxe5 Bg5 23. h3 Be6 24. 0-0 Qd7 25. h4 Be3+ 26. Kh2 0-0-0 27. b5 c5 28. Rad1 Bg4 29. Bf3 g5 30. Qe2 Bd4 31. Bxd4 cxd4 32. hxg5 Rhg8 33. Bxg4 hxg4 34. Rf5 Kb8 35. Kg2 Qxb5 36. e6 Qb3 37. exf7 Rg7 38. f8Q Rxf8 39. Rxf8+ 1-0

[Event "Titled Tuesday intern op 04th Feb Early"]
[Site "Chess.com INT"]
[Date "2025.02.04"]
[Round "4"]
[White "Oparin, Grigoriy"]
[Black "Badmatsyrenov, Oleg"]
[Result "1-0"]
[WhiteElo "2660"]
[BlackElo "2366"]
[PlyCount "85"]
[EventDate "2025.02.04"]
[EventType "swiss (blitz)"]
[EventRounds "11"]
[EventCountry "USA"]
[SourceTitle "CB07_2025"]
[SourceDate "2025.02.12"]
[SourceVersion "1"]
[SourceVersionDate "2025.02.12"]
[SourceQuality "1"]

1. Nf3 c5 2. e4 e6 3. d3 Nc6 4. g3 d5 5. Qe2 Nf6 6. Bg2 Be7 7. e5 Nd7 8. c4 0-0 9. 0-0 Rb8 10. Nc3 Nd4 11. Nxd4 cxd4 12. Nb5 dxc4 13. dxc4 Nc5 14. Rd1 d3 15. Qg4 f5 16. exf6 Bxf6 17. Be3 b6 18. Nxa7 Bb7 19. Nc6 Bxc6 20. Bxc6 Bxb2 21. Rab1 Ba3 22. Be4 Qf6 23. Bxd3 Nxd3 24. Rxd3 Bc5 25. Rf1 Ra8 26. Bxc5 bxc5 27. a3 Rad8 28. Re3 Rd6 29. a4 h6 30. a5 Ra8 31. Ra3 Rd4 32. Qe2 e5 33. Re1 e4 34. Re3 Rxa5 35. Rxe4 Rxe4 36. Qxe4 Ra2 37. Qd5+ Kh7 38. Qxc5 Rc2 39. Qe3 Qf5 40. Rc1 Rb2 41. c5 Rb1 42. c6 Rxc1+ 43. Qxc1 1-0

[Event "Kuala Lumpur op 19th"]
[Site "Kuala Lumpur"]
[Date "2024.09.18"]
[Round "4"]
[White "Badmatsyrenov, Oleg"]
[Black "Nguyen, Duc Hoa"]
[Result "0-1"]
[WhiteElo "2401"]
[BlackElo "2343"]
[PlyCount "76"]
[EventDate "2024.09.16"]
[EventType "swiss"]
[EventRounds "9"]
[EventCountry "MAS"]
[SourceTitle "EXT 2025"]
[Source "ChessBase"]
[SourceDate "2024.10.14"]
[SourceVersion "1"]
[SourceVersionDate "2024.10.14"]
[SourceQuality "1"]

1. e4 c5 2. Nf3 d6 3. d4 cxd4 4. Nxd4 Nf6 5. Nc3 g6 6. Bc4 Bg7 7. 0-0 Nc6 8. Re1 0-0 9. h3 Bd7 10. Nf3 Rc8 11. Bb3 Ne5 12. Nxe5 dxe5 13. Be3 e6 14. Qd6 Qa5 15. Rad1 Rfd8 16. Qd2 Qc7 17. Bg5 Bc6 18. Qe3 Rd4 19. Qf3 Nd7 20. a3 Nc5 21. Ba2 a5 22. Be3 Kh8 23. Bxd4 exd4 24. b4 Nd7 25. Ne2 Ne5 26. Qf4 axb4 27. axb4 Qb6 28. Nxd4 Qxb4 29. Nxc6 bxc6 30. Qe3 c5 31. c3 Qa5 32. Ra1 Ra8 33. Kh2 Qxc3 34. Bxe6 Nf3+ 35. Qxf3 Be5+ 36. Kg1 Qxa1 37. Rd1 fxe6 38. g3 Qxd1+ 0-1

[Event "Titled Tuesday intern op 13th Aug Late"]
[Site "Chess.com INT"]
[Date "2024.08.13"]
[Round "11"]
[White "Badmatsyrenov, Oleg"]
[Black "Barria Zuniga, Daniel"]
[Result "0-1"]
[WhiteElo "2401"]
[BlackElo "2341"]
[PlyCount "30"]
[EventDate "2024.08.13"]
[EventType "swiss (blitz)"]
[EventRounds "11"]
[EventCountry "USA"]
[SourceTitle "EXT 2025"]
[Source "ChessBase"]
[SourceDate "2024.10.14"]
[SourceVersion "1"]
[SourceVersionDate "2024.10.14"]
[SourceQuality "1"]

1. c3 g6 2. Qc2 Bg7 3. e3 Nf6 4. Qd3 0-0 5. Qe2 c5 6. Kd1 d5 7. Qe1 Nc6 8. d3 e5 9. h4 b5 10. Be2 c4 11. h5 d4 12. Kc2 e4 13. dxc4 d3+ 14. Kd1 dxe2+ 15. Kxe2 Qd3# 0-1

[Event "Titled Tuesday intern op 13th Aug Late"]
[Site "Chess.com INT"]
[Date "2024.08.13"]
[Round "8"]
[White "Badmatsyrenov, Oleg"]
[Black "Wen, Tommy"]
[Result "1-0"]
[WhiteElo "2401"]
[BlackElo "2311"]
[PlyCount "85"]
[EventDate "2024.08.13"]
[EventType "swiss (blitz)"]
[EventRounds "11"]
[EventCountry "USA"]
[SourceTitle "EXT 2025"]
[Source "ChessBase"]
[SourceDate "2024.10.14"]
[SourceVersion "1"]
[SourceVersionDate "2024.10.14"]
[SourceQuality "1"]

1. d4 Nf6 2. Bf4 g6 3. e3 Bg7 4. h4 d5 5. c3 h5 6. Nd2 0-0 7. Ngf3 c5 8. Ne5 cxd4 9. exd4 Nc6 10. Be2 Bf5 11. Nf1 Rc8 12. Ne3 Be6 13. g4 Nxe5 14. Bxe5 hxg4 15. Bxf6 exf6 16. Bxg4 f5 17. Bf3 f4 18. Nc2 Re8 19. Kf1 Bf5 20. Ne1 Be4 21. Ng2 Qd6 22. Bg4 Rc7 23. f3 Qa6+ 24. Kf2 Bd3 25. Nxf4 Bc4 26. b3 Qd6 27. Qd2 Bh6 28. Kg3 Ba6 29. Rae1 Rce7 30. Rxe7 Rxe7 31. Rh2 f5 32. Bh3 g5 33. hxg5 Bxg5 34. Bxf5 Rf7 35. Kg4 Qf6 36. Qc2 Rg7 37. Bh7+ Kf8 38. Qf5 Bh6+ 39. Ng6+ Kf7 40. Rxh6 Bf1 41. Qxf6+ Kxf6 42. Kf4 Bd3 43. Ne5+ 1-0

[Event "Phuket Blue Chevaliers op 3rd"]
[Site "Phuket"]
[Date "2024.07.25"]
[Round "6"]
[White "Lux, Hugo de Melo"]
[Black "Badmatsyrenov, Oleg"]
[Result "1-0"]
[WhiteElo "2284"]
[BlackElo "2390"]
[PlyCount "55"]
[EventDate "2024.07.21"]
[EventType "swiss"]
[EventRounds "9"]
[EventCountry "THA"]
[SourceTitle "EXT 2025"]
[Source "ChessBase"]
[SourceDate "2024.10.14"]
[SourceVersion "1"]
[SourceVersionDate "2024.10.14"]
[SourceQuality "1"]

1. e4 c5 2. Nf3 e6 3. d4 cxd4 4. Nxd4 Nc6 5. Bf4 Nf6 6. Nb5 e5 7. Bg5 Bc5 8. Qf3 a6 9. Bxf6 gxf6 10. N5c3 Nd4 11. Qd3 Qb6 12. b3 Qa5 13. Nd2 d6 14. Nd5 Be6 15. c3 Bxd5 16. exd5 Rc8 17. Nc4 Qd8 18. cxd4 Bxd4 19. Rc1 Rc5 20. b4 Rc7 21. Rc2 Rg8 22. Qxh7 Ke7 23. Bd3 Rxg2 24. Kf1 Rg8 25. Nxe5 Kf8 26. Ng6+ Rxg6 27. Bxg6 fxg6 28. Rxc7 1-0

[Event "Phuket Blue Chevaliers op 3rd"]
[Site "Phuket"]
[Date "2024.07.23"]
[Round "4"]
[White "Badmatsyrenov, Oleg"]
[Black "Chua, Chee Sian Sebastien"]
[Result "1-0"]
[WhiteElo "2390"]
[BlackElo "2058"]
[PlyCount "99"]
[EventDate "2024.07.21"]
[EventType "swiss"]
[EventRounds "9"]
[EventCountry "THA"]
[SourceTitle "EXT 2025"]
[Source "ChessBase"]
[SourceDate "2024.10.14"]
[SourceVersion "1"]
[SourceVersionDate "2024.10.14"]
[SourceQuality "1"]

1. e4 d6 2. d4 Nf6 3. Nc3 e5 4. Nf3 Nbd7 5. Rg1 g6 6. g4 exd4 7. Nxd4 Bg7 8. Be3 0-0 9. g5 Ne8 10. Qd2 Ne5 11. Be2 c5 12. Nb3 Nc7 13. f4 Nc6 14. 0-0-0 Re8 15. Bf3 Ne6 16. Qxd6 Qb6 17. Bxc5 Nxc5 18. Qxc5 Qxc5 19. Nxc5 Bd4 20. Rxd4 Nxd4 21. Bg2 Rb8 22. e5 Bf5 23. Be4 Rec8 24. Bxf5 Rxc5 25. Bd3 Rbc8 26. Rg2 Ne6 27. Rf2 Kg7 28. Kd2 Rh8 29. Ne4 Rcc8 30. Nd6 Rcd8 31. f5 gxf5 32. Nxf5+ Kf8 33. h4 Nc5 34. Ke3 Ne6 35. Nd6 Rd7 36. Rf6 Nd8 37. Kf4 Ne6+ 38. Kg4 Ng7 39. Rf4 h5+ 40. Kf3 Ne6 41. Rf6 Kg7 42. g6 Rf8 43. gxf7 Rxd6 44. Rg6+ Kh7 45. Rxe6+ Rxd3+ 46. cxd3 Rxf7+ 47. Ke4 Kg7 48. d4 Rd7 49. b4 Rc7 50. Kd3 1-0

[Event "Phuket Blue Chevaliers op 3rd"]
[Site "Phuket"]
[Date "2024.07.22"]
[Round "2"]
[White "Badmatsyrenov, Oleg"]
[Black "Lin, Dianqi"]
[Result "1-0"]
[WhiteElo "2390"]
[BlackElo "1874"]
[PlyCount "185"]
[EventDate "2024.07.21"]
[EventType "swiss"]
[EventRounds "9"]
[EventCountry "THA"]
[SourceTitle "EXT 2025"]
[Source "ChessBase"]
[SourceDate "2024.10.14"]
[SourceVersion "1"]
[SourceVersionDate "2024.10.14"]
[SourceQuality "1"]

1. e4 e5 2. Nf3 Nc6 3. Bc4 Nf6 4. d3 Bc5 5. c3 d6 6. Bb3 h6 7. h3 0-0 8. Nbd2 a5 9. Nf1 Be6 10. Ng3 Qb8 11. 0-0 Qa7 12. Nh4 a4 13. Bc2 Ne7 14. Qf3 Nh7 15. Nhf5 Bxf5 16. Nxf5 Nxf5 17. Qxf5 Qb8 18. d4 g6 19. Qf3 exd4 20. Bxh6 Re8 21. Rad1 dxc3 22. Qxc3 Re5 23. Rd5 f6 24. Bxa4 Kh8 25. Rxe5 fxe5 26. Bb3 Qd8 27. Be3 Bxe3 28. Qxe3 Qf6 29. Rc1 c5 30. Rc3 Kg7 31. Bd5 Rb8 32. Ra3 Qd8 33. Qd2 Nf6 34. Rg3 Nh5 35. Rf3 Nf4 36. Kh2 Qg5 37. Rg3 Qe7 38. Bc4 b5 39. Bf1 Ne6 40. Be2 Kh7 41. Bd3 Nd4 42. f4 exf4 43. Qxf4 Nc6 44. Be2 Ne5 45. Rb3 Rf8 46. Qg3 b4 47. a3 Nc6 48. axb4 Nd4 49. Re3 cxb4 50. Kh1 Qe5 51. Qe1 Nc2 52. Qh4+ Kg7 53. Rg3 Nd4 54. Bh5 Rf1+ 55. Kh2 Rf6 56. Qg4 Qe6 57. Kg1 Qxg4 58. Bxg4 Rf4 59. Re3 Nc6 60. Bf3 Rf8 61. Rd3 Ne5 62. Rb3 Rb8 63. Kf2 Kf6 64. Be2 Ke7 65. Ke3 Kd7 66. Kd2 Kc6 67. h4 Kc5 68. Rh3 Kd4 69. g4 Kxe4 70. h5 g5 71. h6 Rh8 72. h7 d5 73. Rh6 Kf4 74. Rb6 Rxh7 75. Rxb4+ Kg3 76. Rd4 Rd7 77. b4 Nc6 78. Rd3+ Kf4 79. b5 Na5 80. Kc3 Ke5 81. Rf3 Rc7+ 82. Kb4 Nb7 83. Rf5+ Ke6 84. Rxg5 d4 85. Bc4+ Kf6 86. Rf5+ Kg6 87. Rd5 Re7 88. Rxd4 Kg5 89. Bd3 Re6 90. Rd5+ Kf4 91. g5 Nd6 92. g6 Ne8 93. Kc5 1-0

[Event "Titled Tuesday intern op 28th May Early"]
[Site "Chess.com INT"]
[Date "2024.05.28"]
[Round "1"]
[White "Badmatsyrenov, Oleg"]
[Black "Skaric, Djuro"]
[Result "1-0"]
[WhiteElo "2389"]
[BlackElo "2297"]
[PlyCount "51"]
[EventDate "2024.05.28"]
[EventType "swiss (blitz)"]
[EventRounds "11"]
[EventCountry "USA"]
[SourceTitle "EXT 2025"]
[Source "ChessBase"]
[SourceDate "2024.10.14"]
[SourceVersion "1"]
[SourceVersionDate "2024.10.14"]
[SourceQuality "1"]

1. e4 d6 2. d4 g6 3. Nc3 Bg7 4. Be3 Nf6 5. f3 Nc6 6. g4 a6 7. d5 Ne5 8. g5 Nh5 9. Be2 f5 10. f4 Ng4 11. Bd4 e5 12. dxe6 Bxe6 13. exf5 Bxf5 14. Bxg7 Nxg7 15. Bxg4 0-0 16. Bxf5 Nxf5 17. Qd2 Re8+ 18. Nge2 Ne3 19. Nd5 Ng2+ 20. Kf2 Nh4 21. Nf6+ Kf7 22. Nxe8 Qxe8 23. Qd5+ Kg7 24. Rae1 Qa4 25. Qd4+ Qxd4+ 26. Nxd4 1-0

[Event "Bangkok Big Rook op 4th"]
[Site "Bangkok"]
[Date "2024.05.06"]
[Round "9"]
[White "Chernyavsky, Alexander"]
[Black "Badmatsyrenov, Oleg"]
[Result "1-0"]
[WhiteElo "2366"]
[BlackElo "2397"]
[PlyCount "119"]
[EventDate "2024.05.01"]
[EventType "swiss"]
[EventRounds "9"]
[EventCountry "THA"]
[SourceTitle "CBM 220 Extra"]
[Source "ChessBase"]
[SourceDate "2024.07.31"]
[SourceVersion "1"]
[SourceVersionDate "2024.07.31"]
[SourceQuality "1"]

1. d4 Nf6 2. c4 e6 3. Nc3 Bb4 4. e3 0-0 5. Nge2 c6 6. a3 Ba5 7. c5 d5 8. cxd6 Qxd6 9. b4 Bc7 10. g3 a5 11. b5 cxb5 12. Bg2 Qa6 13. Rb1 Bd7 14. 0-0 Bc6 15. e4 Rd8 16. Bg5 b4 17. Bxf6 gxf6 18. axb4 axb4 19. Rxb4 Ba5 20. Rb3 Qc4 21. d5 Na6 22. Ra3 Bb4 23. Qb3 b5 24. Qxc4 bxc4 25. Ra2 Bxc3 26. Nxc3 Nb4 27. Rxa8 Bxa8 28. Rb1 Nd3 29. Rb6 exd5 30. exd5 Kg7 31. Kf1 f5 32. f4 Re8 33. Rb1 Re3 34. Ne2 Nc5 35. Rb4 Rd3 36. Rxc4 Rd1+ 37. Kf2 Nd3+ 38. Ke3 Ne1 39. Bh1 Kf6 40. Rc1 Nc2+ 41. Rxc2 Rxh1 42. Nc3 Ra1 43. Kd4 Bb7 44. Ra2 Re1 45. Ra7 Bc8 46. Rc7 Re8 47. Nb5 Rd8 48. Rc6+ Ke7 49. Rh6 Bd7 50. Nc7 Rb8 51. Ke5 Rb4 52. d6+ Kf8 53. Rxh7 Kg8 54. Rh5 Re4+ 55. Kf6 Re2 56. Rg5+ Kf8 57. Rg7 Be6 58. d7 Rd2 59. Nxe6+ fxe6 60. Re7 1-0

[Event "Bangkok Big Rook op 4th"]
[Site "Bangkok"]
[Date "2024.05.02"]
[Round "4"]
[White "Badmatsyrenov, Oleg"]
[Black "Sek, Konstantin"]
[Result "1-0"]
[WhiteElo "2397"]
[BlackElo "2392"]
[PlyCount "101"]
[EventDate "2024.05.01"]
[EventType "swiss"]
[EventRounds "9"]
[EventCountry "THA"]
[SourceTitle "CBM 220 Extra"]
[Source "ChessBase"]
[SourceDate "2024.07.31"]
[SourceVersion "1"]
[SourceVersionDate "2024.07.31"]
[SourceQuality "1"]

1. e4 e5 2. Nf3 Nc6 3. Bc4 Nf6 4. d4 exd4 5. e5 d5 6. Bb5 Ne4 7. Nxd4 Bc5 8. 0-0 0-0 9. Nxc6 bxc6 10. Bxc6 Ba6 11. Qxd5 Bxf1 12. Qxe4 Ba6 13. Nc3 Rb8 14. Bd5 Rb4 15. Qf3 Bd4 16. a3 Rb6 17. Be3 Bxe3 18. Qxe3 Bc8 19. b4 Qe7 20. Na4 Rh6 21. Nc5 Bf5 22. c3 Rg6 23. a4 h5 24. Re1 Rd8 25. Bc4 h4 26. h3 c6 27. Kh2 Bc8 28. Qf4 Be6 29. Bd3 Rg5 30. Kh1 Bd5 31. f3 Rg3 32. Kh2 a5 33. Re3 axb4 34. cxb4 g6 35. a5 Ra8 36. Be4 Kg7 37. Bxd5 cxd5 38. Re2 Rg5 39. Qd4 Kg8 40. a6 Rd8 41. Nb7 Rc8 42. Nc5 Rd8 43. b5 Qc7 44. Nb7 Re8 45. Nd6 Rexe5 46. Rxe5 Qxd6 47. f4 Rxe5 48. fxe5 Qa3 49. Qxh4 Qa5 50. Qe7 Qd2 51. Qd8+ 1-0

[Event "Bangkok Big Rook op 4th"]
[Site "Bangkok"]
[Date "2024.05.01"]
[Round "1"]
[White "Ma, Huiyu"]
[Black "Badmatsyrenov, Oleg"]
[Result "0-1"]
[WhiteElo "1844"]
[BlackElo "2397"]
[PlyCount "50"]
[EventDate "2024.05.01"]
[EventType "swiss"]
[EventRounds "9"]
[EventCountry "THA"]
[SourceTitle "CBM 220 Extra"]
[Source "ChessBase"]
[SourceDate "2024.07.31"]
[SourceVersion "1"]
[SourceVersionDate "2024.07.31"]
[SourceQuality "1"]

1. e4 c5 2. Nf3 e6 3. d4 cxd4 4. Qxd4 Nc6 5. Qe3 Nf6 6. c4 Qa5+ 7. Bd2 Nb4 8. Bd3 Ng4 9. Qe2 Ne5 10. Nxe5 Qxe5 11. Bc3 Qd6 12. Bc2 Qc7 13. b3 Bd6 14. g3 0-0 15. a3 Nxc2+ 16. Qxc2 b5 17. Nd2 Ba6 18. Qb2 f6 19. cxb5 Bxb5 20. Nf3 Rfc8 21. Kd2 Rab8 22. Rac1 Bf4+ 23. gxf4 Qxf4+ 24. Kc2 Qxe4+ 25. Kd2 Qe2# 0-1

[Event "Nakhon Nayok op 2nd"]
[Site "Nakhon Nayok"]
[Date "2024.04.09"]
[Round "8"]
[White "Abu Sufian, Sakil"]
[Black "Badmatsyrenov, Oleg"]
[Result "1/2-1/2"]
[WhiteElo "2206"]
[BlackElo "2410"]
[PlyCount "227"]
[EventDate "2024.04.05"]
[EventType "swiss"]
[EventRounds "9"]
[EventCountry "THA"]
[SourceTitle "EXT 2025"]
[Source "ChessBase"]
[SourceDate "2024.10.14"]
[SourceVersion "1"]
[SourceVersionDate "2024.10.14"]
[SourceQuality "1"]

1. e4 c5 2. Nf3 e6 3. d4 cxd4 4. Nxd4 Nc6 5. Nc3 Nf6 6. Nxc6 bxc6 7. e5 Nd5 8. Ne4 Qc7 9. f4 Qb6 10. c4 Bb4+ 11. Ke2 f5 12. exf6 Nxf6 13. Be3 Qa5 14. Nxf6+ gxf6 15. Kf2 Ke7 16. Qd4 d6 17. Be2 Bc5 18. Qe4 d5 19. Bxc5+ Qxc5+ 20. Qe3 Qxe3+ 21. Kxe3 Bd7 22. Rac1 Rhb8 23. Rc2 a5 24. Bd3 Rb4 25. Rf1 Rab8 26. b3 a4 27. bxa4 Rxa4 28. Kd2 Rba8 29. Rb1 Rxa2 30. cxd5 Rxc2+ 31. Bxc2 exd5 32. Re1+ Kd6 33. Bxh7 f5 34. Re5 Ra2+ 35. Ke3 Rxg2 36. Bxf5 Bxf5 37. Rxf5 Rxh2 38. Rf6+ Kc5 39. f5 d4+ 40. Ke4 Re2+ 41. Kd3 Re3+ 42. Kd2 Rf3 43. Rf8 Kc4 44. f6 c5 45. f7 Rf6 46. Ke1 d3 47. Kd2 Rf2+ 48. Ke1 d2+ 49. Kd1 Kc3 50. Rd8 Rf1+ 51. Ke2 Rxf7 52. Rd3+ Kc4 53. Rxd2 Ra7 54. Rc2+ Kb4 55. Kd2 Ra3 56. Rb2+ Kc4 57. Rb8 Ra2+ 58. Kc1 Kc3 59. Kb1 Rd2 60. Rc8 c4 61. Kc1 Re2 62. Kb1 Re1+ 63. Ka2 Rd1 64. Rc7 Rd4 65. Kb1 Rd1+ 66. Ka2 Rd5 67. Kb1 Rb5+ 68. Kc1 Kb3 69. Kd2 Rb8 70. Rc6 Rd8+ 71. Kc1 Re8 72. Kd2 Rd8+ 73. Kc1 Rh8 74. Kd2 Rh2+ 75. Kc1 Kc3 76. Kb1 Rb2+ 77. Kc1 Re2 78. Kb1 Re1+ 79. Ka2 Kd3 80. Kb2 Re2+ 81. Kc1 Kc3 82. Kb1 Rb2+ 83. Kc1 Ra2 84. Kb1 Re2 85. Rc8 Re4 86. Rc7 Rd4 87. Kc1 Re4 88. Kb1 Re1+ 89. Ka2 Rd1 90. Rc8 Rd5 91. Kb1 Rb5+ 92. Kc1 Rb4 93. Rc7 Kb3 94. Kd2 Rb5 95. Rc8 Rd5+ 96. Kc1 Ra5 97. Kd2 Ra2+ 98. Kc1 Rc2+ 99. Kb1 Rb2+ 100. Kc1 Re2 101. Rc7 Kc3 102. Kb1 Re1+ 103. Ka2 Rc1 104. Rh7 Rd1 105. Rc7 Rc1 106. Rh7 Rc2+ 107. Kb1 Rd2 108. Rc7 Rd4 109. Kc1 Kd3 110. Kb2 Kd2 111. Rc8 c3+ 112. Rxc3 Rb4+ 113. Rb3 Rxb3+ 114. Kxb3 1/2-1/2

[Event "Nakhon Nayok op 2nd"]
[Site "Nakhon Nayok"]
[Date "2024.04.08"]
[Round "7"]
[White "Badmatsyrenov, Oleg"]
[Black "Chernyavsky, Alexander"]
[Result "1-0"]
[WhiteElo "2410"]
[BlackElo "2354"]
[PlyCount "129"]
[EventDate "2024.04.05"]
[EventType "swiss"]
[EventRounds "9"]
[EventCountry "THA"]
[SourceTitle "EXT 2025"]
[Source "ChessBase"]
[SourceDate "2024.10.14"]
[SourceVersion "1"]
[SourceVersionDate "2024.10.14"]
[SourceQuality "1"]

1. e4 e6 2. Qe2 c5 3. b3 Nc6 4. Bb2 Nge7 5. Nf3 d6 6. d4 cxd4 7. Nxd4 Nxd4 8. Bxd4 Nc6 9. Bb2 d5 10. exd5 Qxd5 11. Nc3 Qa5 12. Qb5 Bb4 13. Qxa5 Bxa5 14. 0-0-0 0-0 15. Bb5 e5 16. Ne4 Nd4 17. Bxd4 exd4 18. Rxd4 a6 19. Bd7 f5 20. Bxc8 Raxc8 21. Nd6 Bb6 22. Nxc8 Bxd4 23. Ne7+ Kh8 24. f3 g5 25. Rd1 Bc5 26. Nd5 g4 27. c4 gxf3 28. gxf3 a5 29. Kc2 Rg8 30. Nf6 Rg2+ 31. Rd2 Rxd2+ 32. Kxd2 Kg7 33. Nd5 Bd6 34. h3 Kg6 35. Ke3 Kg5 36. f4+ Kh5 37. Kf3 Kg6 38. Ne3 Ba3 39. Nc2 Bc1 40. a3 Kf6 41. a4 Bd2 42. Ne3 Ke6 43. Nd5 Be1 44. Ke3 Bh4 45. b4 axb4 46. Nxb4 Be7 47. Nd5 Bc5+ 48. Kd3 Kd6 49. Nf6 h6 50. Nh5 Ke6 51. Ng3 b6 52. Ne2 Bd6 53. Ke3 Bc5+ 54. Kf3 Kf6 55. Nc1 Ke6 56. Nb3 Bb4 57. Ke3 h5 58. Kd4 Kd6 59. c5+ bxc5+ 60. Kc4 Kc6 61. Nd4+ cxd4 62. Kxb4 Kd5 63. a5 d3 64. Kc3 Ke4 65. Kd2 1-0

[Event "Nakhon Nayok op 2nd"]
[Site "Nakhon Nayok"]
[Date "2024.04.05"]
[Round "1"]
[White "Badmatsyrenov, Oleg"]
[Black "Aarav, A."]
[Result "1/2-1/2"]
[WhiteElo "2410"]
[BlackElo "1886"]
[PlyCount "87"]
[EventDate "2024.04.05"]
[EventType "swiss"]
[EventRounds "9"]
[EventCountry "THA"]
[SourceTitle "EXT 2025"]
[Source "ChessBase"]
[SourceDate "2024.10.14"]
[SourceVersion "1"]
[SourceVersionDate "2024.10.14"]
[SourceQuality "1"]

1. e4 c5 2. b3 g6 3. Bb2 Nf6 4. e5 Nd5 5. Nc3 Nxc3 6. Bxc3 Bg7 7. h4 Qc7 8. f4 h5 9. Bc4 0-0 10. Qe2 d6 11. e6 f5 12. Nf3 b6 13. g4 fxg4 14. Qe4 Rf5 15. Qxa8 Bb7 16. Qxa7 gxf3 17. 0-0-0 Nc6 18. Qa3 Nd4 19. Bxd4 Bxd4 20. c3 Bg7 21. Qa4 Qc6 22. Bd3 Qxa4 23. bxa4 Rxf4 24. Rhg1 Rg4 25. Bxg6 f2 26. Bf7+ Kh8 27. Rgf1 Rf4 28. Bxh5 Bf6 29. Be2 Bxh4 30. Kc2 Bg2 31. c4 Bxf1 32. Rxf1 Kg7 33. Rb1 Kf6 34. Bf1 Kxe6 35. Rxb6 Kd7 36. a5 Kc7 37. Rb1 Rf8 38. a6 Rb8 39. Rb5 Ra8 40. Rb7+ Kd8 41. Rb6 Kc7 42. Rb7+ Kd8 43. Rb6 Kc7 44. Rb7+ 1/2-1/2